[Event "GER-ch Youth U14 2019"]
[Site "Willingen"]
[Date "2019.06.09"]
[Round "1.18"]
[White "Haack, Kevin"]
[Black "Straub, Benno"]
[Result "1-0"]
[WhiteElo "2033"]
[BlackElo "1490"]
[Annotator "NA"]
[PlyCount "75"]
[EventDate "2019.06.07"]
[EventType "swiss"]
[EventRounds "9"]
[EventCountry "GER"]
[SourceTitle "playchess.com"]
[Source "ChessBase"]
[SourceQuality "1"]
[TimeControl "40/5400+30:1800+30"]

1. c4 {[%emt 0:00:00]} e5 {[%emt 0:00:00]} 2. Nc3 {[%emt 0:00:00]} Nc6 {[%emt 0:00:00]} 3. Nf3 {[%emt 0:00:00]} Bc5 {[%emt 0:00:31]} 4. Nxe5 {[%emt 0:01:04]} Nxe5 {[%emt 0:00:31]} 5. d4 {[%emt 0:00:07]} Bd6 {[%emt 0:00:56]} 6. dxe5 {[%emt 0:01:23]} Bxe5 {[%emt 0:00:11]} 7. g3 {[%emt 0:01:13]} c6 {[%emt 0:01:36]} 8. Bg2 {[%emt 0:01:45]} Nf6 {[%emt 0:00:50]} 9. O-O {[%emt 0:02:33]} h6 {[%emt 0:00:51]} 10. Qc2 {[%emt 0:02:52]} O-O {[%emt 0:00:45]} 11. Rd1 {[%emt 0:01:14]} Qe7 {[%emt 0:01:41]} 12. e3 {[%emt 0:08:29]} Rd8 {[%emt 0:01:13]} 13. b3 {[%emt 0:09:43]} Kf8 {[%emt 0:04:59]} 14. Bb2 {[%emt 0:02:56]} Re8 {[%emt 0:01:08]} 15. Rd2 {[%emt 0:04:08]} d6 {[%emt 0:01:41]} 16. Ne2 {[%emt 0:04:13]} Ng4 {[%emt 0:03:27]} 17. h3 {[%emt 0:03:01]} Nxf2 {[%emt 0:03:07]} 18. Kxf2 {[%emt 0:01:27]} Bxb2 {[%emt 0:00:06]} 19. Qxb2 {[%emt 0:00:17]} Qxe3+ {[%emt 0:00:04]} 20. Kf1 {[%emt 0:01:02]} Bf5 {[%emt 0:02:06]} 21. Qd4 {[%emt 0:01:14]} Re6 {[%emt 0:04:05]} 22. Nf4 {[%emt 0:04:15]} Re7 {[%emt 0:02:11]} 23. Qxd6 {[%emt 0:03:19]} Kg8 {[%emt 0:00:20]} 24. Re2 {[%emt 0:05:39]} Qc3 {[%emt 0:01:25]} 25. Qxe7 {[%emt 0:03:04]} Qxa1+ {[%emt 0:00:12]} 26. Kf2 {[%emt 0:00:40]} Qd4+ {[%emt 0:01:16]} 27. Qe3 {[%emt 0:00:22]} Qxe3+ {[%emt 0:00:59]} 28. Rxe3 {[%emt 0:00:50]} Kf8 {[%emt 0:00:13]} 29. g4 {[%emt 0:00:47]} Bb1 {[%emt 0:00:47]} 30. Be4 {[%emt 0:02:31]} Bxa2 {[%emt 0:03:23]} 31. Ne2 {[%emt 0:00:31]} a5 {[%emt 0:01:49]} 32. Nc1 {[%emt 0:00:27]} a4 {[%emt 0:00:06]} 33. Nxa2 {[%emt 0:00:19]} axb3 {[%emt 0:00:04]} 34. Nc3 {[%emt 0:00:37]} Ra6 {[%emt 0:02:27]} 35. Re2 {[%emt 0:01:08]} b5 {[%emt 0:00:39]} 36. cxb5 {[%emt 0:00:33]} cxb5 {[%emt 0:00:06]} 37. Nxb5 {[%emt 0:00:49]} Ra2 {[%emt 0:00:05]} 38. Nc3 {[%emt 0:00:20] normal} 1-0

[Event "GER-ch Youth U14 2019"]
[Site "Willingen"]
[Date "2019.06.09"]
[Round "1.19"]
[White "Riddell, Joshua S."]
[Black "Kosev, Momchil"]
[Result "1/2-1/2"]
[WhiteElo "2130"]
[BlackElo "1827"]
[Annotator "NA"]
[PlyCount "102"]
[EventDate "2019.06.07"]
[EventType "swiss"]
[EventRounds "9"]
[EventCountry "GER"]
[SourceTitle "playchess.com"]
[Source "ChessBase"]
[SourceQuality "1"]
[TimeControl "40/5400+30:1800+30"]

1. e4 {[%emt 0:00:00]} c5 {[%emt 0:00:00]} 2. Nf3 {[%emt 0:00:00]} d6 {[%emt 0:00:00]} 3. d4 {[%emt 0:00:00]} cxd4 {[%emt 0:00:00]} 4. Nxd4 {[%emt 0:00:01]} Nf6 {[%emt 0:00:00]} 5. Nc3 {[%emt 0:00:27]} a6 {[%emt 0:00:02]} 6. Be2 {[%emt 0:00:44]} e5 {[%emt 0:00:07]} 7. Nf3 {[%emt 0:00:53]} Be7 {[%emt 0:06:12]} 8. Bg5 {[%emt 0:00:09]} Nbd7 {[%emt 0:00:36]} 9. O-O {[%emt 0:00:46]} O-O {[%emt 0:00:50]} 10. Nd2 {[%emt 0:05:26]} b5 {[%emt 0:03:08]} 11. Bxf6 {[%emt 0:00:37]} Nxf6 {[%emt 0:00:07]} 12. a4 {[%emt 0:01:32]} b4 {[%emt 0:00:53]} 13. Nd5 {[%emt 0:00:09]} Nxd5 {[%emt 0:01:07]} 14. exd5 {[%emt 0:00:01]} f5 {[%emt 0:02:31]} 15. a5 {[%emt 0:01:48]} Ra7 {[%emt 0:13:33]} 16. Nc4 {[%emt 0:01:12]} Qc7 {[%emt 0:07:40]} 17. Qd2 {[%emt 0:01:24]} Qc5 {[%emt 0:02:40]} 18. Ra4 {[%emt 0:00:24]} Rc7 {[%emt 0:15:42]} 19. Rxb4 {[%emt 0:00:46]} Bg5 {[%emt 0:00:07]} 20. Qc3 {[%emt 0:01:19]} Qxd5 {[%emt 0:02:32]} 21. Rd1 Qa8 {[%emt 0:04:02]} 22. Qb3 {[%emt 0:01:34]} Be6 {[%emt 0:10:30]} 23. Rxd6 {[%emt 0:00:23]} Bd5 {[%emt 0:00:42]} 24. Rbb6 {[%emt 0:02:21]} Kh8 {[%emt 0:02:19]} 25. Rxa6 {[%emt 0:00:18]} Bxc4 {[%emt 0:00:04]} 26. Bxc4 {[%emt 0:00:40]} Qe4 {[%emt 0:00:03]} 27. Bd3 {[%emt 0:01:06]} Qe1+ {[%emt 0:01:09]} 28. Bf1 {[%emt 0:00:02]} e4 {[%emt 0:01:14]} 29. c3 {[%emt 0:06:04]} e3 {[%emt 0:00:45]} 30. Rd1 {[%emt 0:00:05]} Qxf2+ {[%emt 0:00:08]} 31. Kh1 {[%emt 0:00:10]} e2 {[%emt 0:00:03]} 32. Bxe2 {[%emt 0:00:12]} Qxe2 {[%emt 0:00:04]} 33. Re6 {[%emt 0:00:38]} Qf2 {[%emt 0:02:43]} 34. Qb6 {[%emt 0:00:45]} Qxb6 {[%emt 0:06:17]} 35. Rxb6 {[%emt 0:00:28]} h6 {[%emt 0:01:08]} 36. Ra1 {[%emt 0:00:58]} Be3 {[%emt 0:01:30]} 37. Rb5 {[%emt 0:00:44]} f4 {[%emt 0:01:51]} 38. a6 {[%emt 0:00:56]} Ra8 {[%emt 0:00:30]} 39. h4 {[%emt 0:01:58]} Rc6 {[%emt 0:00:39]} 40. Rba5 {[%emt 0:00:14]} g6 {[%emt 0:01:52]} 41. Kh2 {[%emt 0:32:39]} Kg7 {[%emt 0:30:27]} 42. Kh3 {[%emt 0:00:14]} Kf6 {[%emt 0:00:33]} 43. Kg4 {[%emt 0:00:27]} Bb6 {[%emt 0:02:13]} 44. Rb5 {[%emt 0:00:16]} Be3 {[%emt 0:00:38]} 45. Rba5 {[%emt 0:00:27]} Rd6 {[%emt 0:01:49]} 46. g3 {[%emt 0:02:16]} Rd2 {[%emt 0:00:33]} 47. gxf4 {[%emt 0:00:31]} Rxb2 {[%emt 0:00:11]} 48. Kf3 {[%emt 0:01:49]} Ba7 {[%emt 0:00:55]} 49. Rd5 {[%emt 0:00:32]} Rc2 {[%emt 0:01:44]} 50. Rd6+ {[%emt 0:00:17]} Kf7 {[%emt 0:00:26]} 51. Rc6 {[%emt 0:00:06]} Bd4 {[%emt 0:01:59] normal} 1/2-1/2

[Event "GER-ch Youth U14 2019"]
[Site "Willingen"]
[Date "2019.06.09"]
[Round "1.20"]
[White "Farokhi, Keyvan"]
[Black "Roste, Hugo"]
[Result "1-0"]
[WhiteElo "1963"]
[BlackElo "1287"]
[Annotator "NA"]
[PlyCount "57"]
[EventDate "2019.06.07"]
[EventType "swiss"]
[EventRounds "9"]
[EventCountry "GER"]
[SourceTitle "playchess.com"]
[Source "ChessBase"]
[SourceQuality "1"]
[TimeControl "40/5400+30:1800+30"]

1. c4 {[%emt 0:00:00]} c6 {[%emt 0:00:00]} 2. g3 {[%emt 0:00:00]} d5 {[%emt 0:00:00]} 3. Bg2 {[%emt 0:00:16]} Nf6 {[%emt 0:00:33]} 4. Nf3 {[%emt 0:00:31]} Nbd7 {[%emt 0:00:28]} 5. cxd5 {[%emt 0:00:44]} cxd5 {[%emt 0:00:15]} 6. O-O {[%emt 0:00:10]} e6 {[%emt 0:00:41]} 7. d4 {[%emt 0:00:22]} Be7 {[%emt 0:01:12]} 8. Nc3 {[%emt 0:00:26]} O-O {[%emt 0:00:52]} 9. Bf4 {[%emt 0:02:27]} a6 {[%emt 0:04:08]} 10. Rc1 {[%emt 0:00:26]} b5 {[%emt 0:02:01]} 11. a3 {[%emt 0:01:01]} Bb7 {[%emt 0:02:20]} 12. Ne5 {[%emt 0:08:11]} Nxe5 {[%emt 0:03:01]} 13. dxe5 {[%emt 0:00:21]} Nd7 {[%emt 0:00:26]} 14. e4 {[%emt 0:00:16]} dxe4 {[%emt 0:02:29]} 15. Nxe4 {[%emt 0:00:25]} Rc8 {[%emt 0:08:11]} 16. Qg4 {[%emt 0:03:49]} Bxe4 {[%emt 0:04:30]} 17. Bxe4 {[%emt 0:01:34]} f5 {[%emt 0:05:20]} 18. exf6 {[%emt 0:01:28]} Rxf6 {[%emt 0:00:14]} 19. Rxc8 {[%emt 0:04:11]} Qxc8 {[%emt 0:00:27]} 20. Rc1 {[%emt 0:00:09]} Qd8 {[%emt 0:01:31]} 21. Rd1 {[%emt 0:06:41]} Qc8 {[%emt 0:01:39]} 22. Bg5 {[%emt 0:07:06]} Rf7 {[%emt 0:01:01]} 23. Bxe7 {[%emt 0:00:36]} Rxe7 {[%emt 0:00:06]} 24. Bxh7+ {[%emt 0:00:19]} Kf8 {[%emt 0:01:18]} 25. Qf4+ {[%emt 0:04:37]} Rf7 {[%emt 0:02:05]} 26. Qd6+ {[%emt 0:00:08]} Re7 {[%emt 0:00:45]} 27. Bg6 {[%emt 0:05:01]} Qb7 {[%emt 0:03:51]} 28. Rc1 {[%emt 0:02:14]} a5 {[%emt 0:02:05]} 29. Rc7 {[%emt 0:00:18] normal} 1-0

[Event "GER-ch Youth U14 2019"]
[Site "Willingen"]
[Date "2019.06.09"]
[Round "1.21"]
[White "Rockmann, Enno"]
[Black "Tham, Nam"]
[Result "1/2-1/2"]
[WhiteElo "1527"]
[BlackElo "1993"]
[Annotator "NA"]
[PlyCount "95"]
[EventDate "2019.06.07"]
[EventType "swiss"]
[EventRounds "9"]
[EventCountry "GER"]
[SourceTitle "playchess.com"]
[Source "ChessBase"]
[SourceQuality "1"]
[TimeControl "40/5400+30:1800+30"]

1. e4 {[%emt 0:00:00]} e5 {[%emt 0:00:00]} 2. Nf3 {[%emt 0:00:00]} Nc6 {[%emt 0:00:00]} 3. Bc4 {[%emt 0:00:00]} Bc5 {[%emt 0:00:00]} 4. c3 {[%emt 0:00:00]} Nf6 {[%emt 0:00:00]} 5. d3 {[%emt 0:00:00]} d6 {[%emt 0:00:14]} 6. Nbd2 {[%emt 0:00:00]} a6 {[%emt 0:00:08]} 7. Bb3 {[%emt 0:00:04]} Ba7 {[%emt 0:00:05]} 8. Nf1 {[%emt 0:00:21]} h6 {[%emt 0:00:38]} 9. Ng3 {[%emt 0:00:18]} O-O {[%emt 0:00:48]} 10. O-O {[%emt 0:00:44]} Re8 {[%emt 0:01:17]} 11. Be3 {[%emt 0:02:21]} d5 {[%emt 0:07:17]} 12. Bxa7 {[%emt 0:05:14]} Rxa7 {[%emt 0:00:32]} 13. Re1 {[%emt 0:00:08]} Ra8 {[%emt 0:01:40]} 14. exd5 {[%emt 0:03:38]} Nxd5 {[%emt 0:04:05]} 15. d4 {[%emt 0:01:01]} Nf4 {[%emt 0:06:04]} 16. Nxe5 {[%emt 0:02:28]} Nxe5 {[%emt 0:00:23]} 17. dxe5 {[%emt 0:00:55]} Qg5 {[%emt 0:02:07]} 18. h3 {[%emt 0:05:10]} Be6 {[%emt 0:03:32]} 19. Bxe6 {[%emt 0:01:52]} Rxe6 {[%emt 0:00:29]} 20. Qb3 {[%emt 0:02:23]} Rb6 {[%emt 0:06:01]} 21. Qc2 {[%emt 0:02:11]} Rg6 {[%emt 0:01:14]} 22. Qe4 {[%emt 0:04:25]} c6 {[%emt 0:02:40]} 23. Rad1 {[%emt 0:02:20]} h5 {[%emt 0:04:14]} 24. Rd4 {[%emt 0:06:03]} Ne6 {[%emt 0:03:23]} 25. Rd6 {[%emt 0:01:57]} h4 {[%emt 0:03:35]} 26. Nf5 {[%emt 0:00:18]} Re8 {[%emt 0:02:42]} 27. Nxh4 {[%emt 0:01:03]} Rh6 {[%emt 0:00:17]} 28. Nf3 {[%emt 0:01:04]} Qe7 {[%emt 0:00:30]} 29. Red1 {[%emt 0:00:54]} Ng5 {[%emt 0:11:33]} 30. Nxg5 {[%emt 0:01:12]} Qxg5 {[%emt 0:00:05]} 31. Rxh6 {[%emt 0:01:49]} Qxh6 {[%emt 0:00:13]} 32. f4 {[%emt 0:01:08]} Qe6 {[%emt 0:00:13]} 33. b3 {[%emt 0:01:09]} Qe7 {[%emt 0:00:06]} 34. Re1 {[%emt 0:04:32]} Qa3 {[%emt 0:00:39]} 35. Qc4 {[%emt 0:02:59]} Qxa2 {[%emt 0:01:53]} 36. e6 {[%emt 0:00:08]} fxe6 {[%emt 0:00:22]} 37. Rxe6 {[%emt 0:00:07]} Rxe6 {[%emt 0:00:06]} 38. Qxe6+ {[%emt 0:00:03]} Kh7 {[%emt 0:00:18]} 39. Qf5+ {[%emt 0:03:04]} Kg8 {[%emt 0:02:24]} 40. Qc8+ {[%emt 0:00:07]} Kh7 {[%emt 0:00:03]} 41. Qxb7 {[%emt 0:30:31]} Qd2 {[%emt 0:31:06]} 42. Qxc6 {[%emt 0:01:13]} Qe3+ {[%emt 0:00:29]} 43. Kh1 {[%emt 0:00:45]} Qc1+ {[%emt 0:00:06]} 44. Kh2 {[%emt 0:00:04]} Qxf4+ {[%emt 0:00:05]} 45. g3 {[%emt 0:00:03]} Qd2+ {[%emt 0:00:14] normal} 46. Kh1 {[%emt 0:02:36]} Qe1+ {[%emt 0:00:07] normal} 47. Kh2 {[%emt 0:01:13]} Qd2+ {[%emt 0:00:04]} 48. Kh1 {[%emt 0:00:12] normal} 1/2-1/2

[Event "GER-ch Youth U14 2019"]
[Site "Willingen"]
[Date "2019.06.09"]
[Round "1.22"]
[White "Evering, Soeren"]
[Black "Wellssow, Keoki"]
[Result "1-0"]
[WhiteElo "1879"]
[BlackElo "1509"]
[Annotator "NA"]
[PlyCount "23"]
[EventDate "2019.06.07"]
[EventType "swiss"]
[EventRounds "9"]
[EventCountry "GER"]
[SourceTitle "playchess.com"]
[Source "ChessBase"]
[SourceQuality "1"]
[TimeControl "40/5400+30:1800+30"]

1. e4 {[%emt 0:00:00]} g6 {[%emt 0:00:00]} 2. d4 {[%emt 0:00:00]} Bg7 {[%emt 0:00:26]} 3. Bc4 {[%emt 0:03:17]} d6 {[%emt 0:02:28]} 4. Nf3 {[%emt 0:01:05]} h6 {[%emt 0:02:10]} 5. O-O {[%emt 0:03:09]} a6 {[%emt 0:03:11]} 6. Qe2 {[%emt 0:01:33]} b5 {[%emt 0:01:37]} 7. Bb3 {[%emt 0:04:02]} Bb7 {[%emt 0:01:58]} 8. e5 {[%emt 0:07:05]} dxe5 {[%emt 0:05:05]} 9. Nxe5 {[%emt 0:03:35]} e6 {[%emt 0:02:32]} 10. Nxf7 {[%emt 0:01:08]} Qe7 {[%emt 0:08:08]} 11. Nxh8 {[%emt 0:00:28]} Bxh8 {[%emt 0:00:18]} 12. Qg4 {normal} 1-0

[Event "GER-ch Youth U14 2019"]
[Site "Willingen"]
[Date "2019.06.09"]
[Round "2.1"]
[White "Krastev, Alexander"]
[Black "Bui, Bao Anh Le"]
[Result "1-0"]
[WhiteElo "2344"]
[BlackElo "2065"]
[Annotator "TA"]
[PlyCount "48"]
[EventDate "2019.06.07"]
[EventType "swiss"]
[EventRounds "9"]
[EventCountry "GER"]
[SourceTitle "playchess.com"]
[Source "ChessBase"]
[SourceQuality "1"]

{[%evp 10,48,24,2,28,1,18,23,41,16,63,24,18,10,52,0,0,0,0,0,0,0,131,111,141,127,130,108,139,143,150,124,183,180,197,176,202,202,240,207,249]} 1. e4 c5 2. Nf3 d6 3. d4 cxd4 4. Nxd4 Nf6 5. Nc3 a6 6. Qf3 Nbd7 {B90: Sicilian Najdorf: Unusual White 6th moves, 6 Be3 Ng4 and 6 Be3 e5} (6... Qb6 7. Nb3 Nbd7 8. h3 Qc7 9. a4 b6 10. e5 Bb7 11. exd6 Qb8 12. Qd3 e5 13. Bg5 Bxd6 14. O-O-O {1-0 (36) Bauer,C (2630)-Bogner,S (2603) Maastricht 2017}) 7. h3 e6 8. g4 Ne5 $146 {White has an edge.} ({Predecessor:} 8... Be7 9. g5 Ne5 10. Qe2 Nfd7 11. f4 Nc6 12. Nf3 b5 13. Bg2 Bb7 14. Be3 {½-½ (32) Sokac,M (2281)-Dogan,M (1946) Porec 2015}) 9. Qg2 Qc7 10. f4 Nc6 11. Be3 $36 {[%mdl 2048] White is more active.} b5 (11... d5 $5) 12. e5 (12. Nxc6 $14 Qxc6 13. g5) 12... Nxd4 $11 13. Bxd4 Bb7 14. exf6 {And now Qg1 would win.} Bxg2 15. Bxg2 Rc8 (15... e5 $11 {remains equal.} 16. fxe5 Rc8 17. fxg7 Bxg7 18. exd6 Qxd6 19. Bxg7 Qg3+ {[%mdl 64] Double Attack} 20. Kf1 Qf4+ 21. Kg1 Qe3+ 22. Kh2 Qf4+ 23. Kg1 Qe3+ 24. Kh2 Qf4+ 25. Kg1) 16. fxg7 $16 Bxg7 17. Bxg7 Rg8 18. Bd4 $1 Qc4 {[#]} 19. Rd1 $1 d5 20. Kf2 b4 {[#]} (20... Qc7 $16) 21. b3 $1 $18 {[%cal Rb3c4] White is clearly better.} Qc6 22. Ne2 Ke7 23. Rd2 a5 24. Re1 Rge8 {Accuracy: White = 68%, Black = 22%.} 1-0

[Event "GER-ch Youth U14 2019"]
[Site "Willingen"]
[Date "2019.06.09"]
[Round "2.2"]
[White "Pubantz, Jan"]
[Black "Laux, Dominik"]
[Result "1-0"]
[WhiteElo "2192"]
[BlackElo "2061"]
[Annotator "NA"]
[PlyCount "52"]
[EventDate "2019.06.07"]
[EventType "swiss"]
[EventRounds "9"]
[EventCountry "GER"]
[SourceTitle "playchess.com"]
[Source "ChessBase"]
[SourceQuality "1"]
[TimeControl "40/5400+30:1800+30"]

1. d4 {[%emt 0:00:00]} d5 {[%emt 0:00:00]} 2. c4 {[%emt 0:00:00]} c6 {[%emt 0:00:16]} 3. Nf3 {[%emt 0:00:00]} Nf6 {[%emt 0:00:21]} 4. e3 {[%emt 0:00:00]} e6 {[%emt 0:00:51]} 5. b3 {[%emt 0:00:02]} Bd6 {[%emt 0:01:34]} 6. Bb2 {[%emt 0:00:22]} O-O {[%emt 0:00:50]} 7. Bd3 {[%emt 0:00:14]} Nbd7 {[%emt 0:00:59]} 8. O-O {[%emt 0:00:21]} Re8 {[%emt 0:02:02]} 9. Ne5 {[%emt 0:09:10]} Qc7 {[%emt 0:03:27]} 10. f4 {[%emt 0:03:29]} Ne4 {[%emt 0:02:28]} 11. Bxe4 {[%emt 0:24:03]} dxe4 {[%emt 0:00:02]} 12. Nc3 {[%emt 0:06:09]} f5 {[%emt 0:01:37]} 13. g4 {[%emt 0:02:33]} b6 {[%emt 0:07:09]} 14. Kh1 {[%emt 0:09:21]} Ba6 {[%emt 0:04:56]} 15. Rg1 {[%emt 0:01:54]} Nf6 {[%emt 0:16:21]} 16. g5 {[%emt 0:05:14]} Nd7 {[%emt 0:02:34]} 17. Qh5 {[%emt 0:06:07]} Bxe5 {[%emt 0:06:42]} 18. fxe5 {[%emt 0:00:22]} b5 {[%emt 0:09:22]} 19. cxb5 {[%emt 0:07:15]} cxb5 {[%emt 0:01:48]} 20. Rac1 {[%emt 0:00:13]} Qb7 {[%emt 0:01:51]} 21. Ne2 {[%emt 0:06:42]} b4 {[%emt 0:06:28]} 22. Nf4 {[%emt 0:01:08]} Nb6 {[%emt 0:07:21]} 23. g6 {[%emt 0:00:31]} h6 {[%emt 0:00:45]} 24. Rc5 {[%emt 0:00:22]} Rac8 {[%emt 0:06:07]} 25. Rgc1 {[%emt 0:01:12]} Rxc5 {[%emt 0:01:34]} 26. Rxc5 {[%emt 0:00:14]} Nd7 {[%emt 0:01:01] normal} 1-0

[Event "GER-ch Youth U14 2019"]
[Site "Willingen"]
[Date "2019.06.09"]
[Round "2.3"]
[White "Arakelian, Aik"]
[Black "Colbow, Collin"]
[Result "0-1"]
[WhiteElo "1911"]
[BlackElo "2169"]
[Annotator "NA"]
[PlyCount "58"]
[EventDate "2019.06.07"]
[EventType "swiss"]
[EventRounds "9"]
[EventCountry "GER"]
[SourceTitle "playchess.com"]
[Source "ChessBase"]
[SourceQuality "1"]
[TimeControl "40/5400+30:1800+30"]

1. e4 {[%emt 0:00:00]} c5 {[%emt 0:00:00]} 2. Nc3 {[%emt 0:00:00]} Nc6 {[%emt 0:00:26]} 3. Nf3 {[%emt 0:00:25]} e5 {[%emt 0:02:52]} 4. Bc4 {[%emt 0:02:48]} d6 {[%emt 0:10:36]} 5. d3 {[%emt 0:03:15]} h6 {[%emt 0:07:42]} 6. Be3 {[%emt 0:01:32]} g6 {[%emt 0:04:11]} 7. Qd2 {[%emt 0:11:22]} Bg7 {[%emt 0:00:50]} 8. h3 {[%emt 0:01:28]} Nge7 {[%emt 0:01:07]} 9. g4 {[%emt 0:02:00]} Nd4 {[%emt 0:09:19]} 10. Nh2 {[%emt 0:04:49]} Be6 {[%emt 0:03:24]} 11. f4 {[%emt 0:15:41]} d5 {[%emt 0:12:07]} 12. exd5 {[%emt 0:08:52]} Nxd5 {[%emt 0:00:47]} 13. Bxd4 {[%emt 0:07:05]} cxd4 {[%emt 0:01:42]} 14. Nxd5 {[%emt 0:01:23]} Bxd5 {[%emt 0:00:27]} 15. O-O-O {[%emt 0:04:21]} Bxh1 {[%emt 0:02:03]} 16. Rxh1 {[%emt 0:00:03]} O-O {[%emt 0:02:59]} 17. f5 {[%emt 0:05:04]} Kh7 {[%emt 0:05:42]} 18. Nf3 {[%emt 0:01:38]} b5 {[%emt 0:01:32]} 19. Bb3 {[%emt 0:01:08]} a5 {[%emt 0:00:41]} 20. a3 {[%emt 0:00:13]} a4 {[%emt 0:03:45]} 21. Ba2 {[%emt 0:00:17]} gxf5 {[%emt 0:03:02]} 22. g5 {[%emt 0:03:01]} e4 {[%emt 0:08:00]} 23. Nh4 {[%emt 0:01:11]} e3 {[%emt 0:02:07]} 24. Qe1 {[%emt 0:01:44]} Qxg5 {[%emt 0:00:57]} 25. Rg1 {[%emt 0:00:15]} Qf6 {[%emt 0:01:55]} 26. Rf1 {[%emt 0:01:17]} f4 {[%emt 0:01:34]} 27. Bd5 {[%emt 0:00:13]} Rae8 {[%emt 0:00:44]} 28. Be4+ {[%emt 0:00:16]} Rxe4 {[%emt 0:00:21]} 29. dxe4 {[%emt 0:00:08]} d3 {[%emt 0:00:17] normal} 0-1

[Event "GER-ch Youth U14 2019"]
[Site "Willingen"]
[Date "2019.06.09"]
[Round "2.4"]
[White "Weihrauch, Jakob"]
[Black "Haack, Kevin"]
[Result "1-0"]
[WhiteElo "2158"]
[BlackElo "2033"]
[Annotator "NA"]
[PlyCount "61"]
[EventDate "2019.06.07"]
[EventType "swiss"]
[EventRounds "9"]
[EventCountry "GER"]
[SourceTitle "playchess.com"]
[Source "ChessBase"]
[SourceQuality "1"]
[TimeControl "40/5400+30:1800+30"]

1. e4 {[%emt 0:00:00]} c5 {[%emt 0:00:00]} 2. Nf3 {[%emt 0:00:00]} d6 {[%emt 0:00:00]} 3. d4 {[%emt 0:00:00]} cxd4 {[%emt 0:00:00]} 4. Nxd4 {[%emt 0:00:00]} Nf6 {[%emt 0:00:00]} 5. Nc3 {[%emt 0:00:05]} e5 {[%emt 0:00:00]} 6. Bb5+ {[%emt 0:00:51]} Nbd7 {[%emt 0:00:00]} 7. Nf5 {[%emt 0:02:30]} a6 {[%emt 0:00:00]} 8. Bxd7+ {[%emt 0:00:27]} Qxd7 {[%emt 0:00:00]} 9. Ne3 {[%emt 0:01:20]} Qc6 {[%emt 0:00:04]} 10. Qd3 {[%emt 0:00:46]} Be6 {[%emt 0:00:14]} 11. O-O {[%emt 0:01:25]} Be7 {[%emt 0:00:32]} 12. Ncd5 {[%emt 0:05:15]} Bxd5 {[%emt 0:00:36]} 13. exd5 {[%emt 0:00:14]} Qc7 {[%emt 0:01:13]} 14. Nf5 {[%emt 0:09:06]} O-O {[%emt 0:03:46]} 15. c4 {[%emt 0:10:31]} Rac8 {[%emt 0:08:53]} 16. b3 {[%emt 0:06:53]} Rfe8 {[%emt 0:04:54]} 17. Bg5 {[%emt 0:05:33]} Nxd5 {[%emt 0:18:36]} 18. Qxd5 {[%emt 0:04:25]} Bxg5 {[%emt 0:00:21]} 19. Nxd6 {[%emt 0:01:40]} Red8 {[%emt 0:00:57]} 20. Rad1 {[%emt 0:00:22]} Rd7 {[%emt 0:12:02]} 21. Qxe5 {[%emt 0:02:40]} Bf6 {[%emt 0:09:16]} 22. Qf5 {[%emt 0:08:30]} Rcd8 {[%emt 0:04:04]} 23. Ne8 {[%emt 0:00:19]} Qc6 {[%emt 0:04:53]} 24. Nxf6+ {[%emt 0:03:01]} gxf6 {[%emt 0:00:07]} 25. Rxd7 {[%emt 0:06:24]} Rxd7 {[%emt 0:00:32]} 26. Qg4+ {[%emt 0:01:34]} Kh8 {[%emt 0:01:03]} 27. Re1 {[%emt 0:01:39]} Rd8 {[%emt 0:01:43]} 28. h3 {[%emt 0:04:38]} Qd6 {[%emt 0:08:51]} 29. Qe2 {[%emt 0:03:16]} b6 {[%emt 0:01:07]} 30. a4 {[%emt 0:03:10]} Qd3 {[%emt 0:02:41]} 31. Qe7 {[%emt 0:01:39] normal} 1-0